000 00261nam a22001217a 4500
003 SGT
082 _bCHA
100 _aCHAUDHARI, MANOJ KUMAR
245 _aGENDER, SCHOOL & SOCIETY
260 _aDELHI
_bEDU. PUB.
_c2016
300 _a216
942 _2ddc
_cBK
_01
999 _c19903
_d19903